000 00543nam a2200205Ia 4500
003 OSt
005 20230413101323.0
008 210423s2008 xx 000 0 und d
020 _a415282594
040 _cAL
041 _aeng
082 _a808.003
_223
_bHERD
100 _aHERMAN (David);others.
_987597
245 _aRoutledge encyclopedia of narrative theory.
260 _aLondon
_bRoutledge
_c2008
300 _axxix,718
_bHB
365 _b1195
_cINR
906 _aencyclopedia ; narrative ; Routledge ; theory.
942 _2ddc
_cBK
999 _c157358
_d157358